Responses for Show #3895 - Friday, July 6, 2001

Contestants

[<< previous game]

Mark Horner, a truck driver from Big Bear Lake, California

Chris Soth, a small business owner originally from Northfield, Minnesota

Pat Phillips, an administrative assistant from Brea, California (whose 1-day cash winnings total $7,001)

[next game >>]

Jeopardy! Round responses

BOOK LEARNIN'
FORDS ON FILM
1973
TRIVIALICIOUS
NATIONAL FOODS
(Alex: Each response will contain a nationality.)
BEASTLY RHYME TIME
    $100 12
Snow White

Pat
    $100 7
Harrison Ford

Pat
    $100 26
Picasso

Chris
    $100 6
Venus

Chris
    $100 1
Swiss cheese

Pat
    $100 17
trout shout

Pat
    $200 13
1984

Mark
    $200 8
John Ford

Chris
    $200 30
American Graffiti

Chris
    $200 23
Wrigley's

Chris
    $200 2
French toast

Pat
    $200 18
snake rake

Mark
    $300 14
World War II

Pat
    $300 9
Keystone Cops

Pat
    $2,500 27
(Chris: I came to play. Let's make it a true Daily Double.)
(Alex: Okay.)

Yom Kippur (The Day of Atonement)

Chris
    $300 22
Pez

Pat
    $300 3
Swedish meatballs

Pat
    $300 19
hawk walk

Triple Stumper
    $400 15
Piglet

Pat
    $400 10
Glenn Ford

Pat
    $400 28
Roe vs. Wade

Chris
    $400 24
(Pat: What is Born to Run?)

Born in the U.S.A.

PatChris
    $400 4
German potato salad

Triple Stumper
    $400 20
mole role

Mark
    $500 16
(Edgar Lee) Masters

Chris
    $500 11
Phil Silvers

Chris
    $500 29
Perón

Mark
    $500 25
Barbie

Triple Stumper
    $500 5
Welsh rabbit

Pat
    $500 21
yak shack

Chris

Scores at the first commercial break (after clue 16):

Pat Chris Mark
$2,700 $1,300 $200

Scores at the end of the Jeopardy! Round:

Pat Chris Mark
$2,700 $5,600 $1,300

Double Jeopardy! Round responses

NEW U.S. SENATORS
EMMY-WINNING ROLES
(Alex: You have to name the actor.)
LET'S TAKE A WORLD TOUR
UNDER THE MICROSCOPE
SO YOU'VE REACHED LEGAL DRINKING AGE
P IS FOR...
(Alex: Notice the P is not in quotation marks, so don't be misled there.)
    $200 26
(Mark: What is Vermont?)

Washington

ChrisMark
    $200 11
(Woody) Harrelson

Chris
    $200 18
Ganges

Mark
    $200 1
feather

Mark
    $200 16
gin

Chris
    $200 6
goat

Pat
    $3,500 29
(Alex: [after Pat uncovered the Daily Double] You trail Chris by 3700. We're almost out of time.)
...
[The end-of-round signal sounds.]

Michigan

Pat
    $400 12
(Tom) Selleck

Chris
    $400 20
(Chris: What is Brazil?)

Australia

PatChris
    $400 2
pollen

Pat
    $400 17
bubbles

Chris
    $400 7
Pu

Pat
    $600 13
Lindsay Wagner

Pat
    $600 21
(Mark: What is China?)

Thailand

Mark
Triple Stumper
    $600 3
onion

Mark
    $600 19
blood-alcohol level

Chris
    $600 8
Peru

Chris
    $800 27
Florida

Pat
    $800 14
Bruce Willis

Pat
    $800 22
...
(Alex: For a long time it was known as British Guiana. It is now [*].)

Guyana

Triple Stumper
    $800 4
(Chris: What is cartilage?)

connective

PatChris
    $800 24
(Chris: What is straight up?)
...
(Alex: 2-letter word)

up

ChrisMark
    $2,600 9
bacteria

Chris
    $1000 28
Jean Carnahan

Triple Stumper
    $1000 15
(Pat: Who is Otto Klemperer?)
(Chris: Who is Klemperer?)
(Alex: Be more specific.)
(Chris: [*])
(Alex: Yes, his son.)

Werner Klemperer

PatChris
    $1000 23
(Chris: What is the Western Sahara?)

Eritrea

Chris
Triple Stumper
    $1000 5
telophase

Chris
    $1000 25
...
(Alex: Yes, don't say "cor-kahge.")
[laughter]

corkage

Pat
    $1000 10
Sikhs

Chris

Scores at the end of the Double Jeopardy! Round:

Pat Chris Mark
$10,600 $10,800 $2,300

[wagering suggestions for these scores]

Final Jeopardy! Round responses

HISTORIC MONARCHS
(Alex: [To Pat] Thinking of the Louisiana Purchase, perhaps? That was Napoleon I.)
...
(Alex: [To Chris] It looks like you were going for something. A-L-E.)
(Chris: Alexander.)
(Alex: Yeah, but you didn't get it in, unfortunately.)
(Chris: That is unfortunate.)
(Alex: Pardon?)
(Chris: That is unfortunate.)
(Alex: It is indeed because you risked so much money.)
...
(Alex: Alaska is the 2nd largest. [*] of Russia, the Alaska purchase.)
MarkWho is Nicholas
$1,000
PatWho was Napoleon II
$5,999
ChrisWho Napoleon Ale
$10,401
Alexander II

Final scores:

Pat Chris Mark
$4,601 $399 $1,300
2-day champion: $11,602 3rd place: Novica.com shopping spree 2nd place: trip to New York City and stay at Renaissance Hotel

Game dynamics:

Coryat scores:

Pat Chris Mark
$7,500 $6,800 $2,300
22 R
(including 1 DD),
2 W
22 R
(including 2 DDs),
4 W
8 R,
2 W

Combined Coryat: $16,600

[game clues] [game scores] [suggest correction]

Game tape date: 2001-03-07
The J! Archive is created by fans, for fans. Scraping, republication, monetization, and malicious use prohibited; this site may use cookies and collect identifying information. See terms. The Jeopardy! game show and all elements thereof, including but not limited to copyright and trademark thereto, are the property of Jeopardy Productions, Inc. and are protected under law. This website is not affiliated with, sponsored by, or operated by Jeopardy Productions, Inc. Join the discussion at JBoard.tv.